000 00412nam a2200181Ia 4500
001 4272
005 20260306145743.0
008 260306t2007||||xx |||||||||||||| ||spa||
041 _aESP
082 _a320.1
_bM25 2007
100 _aMaquiavelo, Nicolás
_eAUT
245 0 _aEl príncipe
260 _c2007
300 _a144 páginas :
_c17 cm.
650 _aGEN
654 _aCDE
942 _cLIB
_dJUS
_fJUS
_2ddc
_n
999 _c4272
_d4272